How many UCL does the club have? - Statistics

General Stats
  • This quiz has been taken 25 times
  • The average score is 12 of 15
Answer Stats
Question Answer % Correct
Real Madrid 15
100%
Arsenal 0
92%
Djurgården 0
92%
Nottingham Forest 2
92%
Atletico Madrid 0
88%
Barcelona 5
88%
Marseille 1
83%
Chelsea 2
83%
Hamburg 1
79%
Crvena Zvezda (Red star) 1
79%
PSG 0
75%
Milan (AC) 7
75%
Juventus 2
63%
Inter (Milan) 3
63%
Ajax 4
58%
No matching quizzes found
Score Distribution
Percent of People with Each Score
Percentile by Number Answered
Your Score History
You have not taken this quiz